000 00360cam a22001097a 4500
008 180718b1959 xxu||||| |||| 00| 0 eng d
082 _aA6x5453 K45
245 _aA handbook of Kerala
_cby Department of Public Relations, Kerala
260 _aTrivandrum
_bDepartment of Public Relations
_c1959
300 _a1962p.
700 _aKerala. Department of Public Relations
999 _c389786
_d389786